Uczestnicy igrzysk małych państw Europy - Statystyki

Ogólne statystyki
  • Ten quiz został rozwiązany 320 razy
  • Średni wynik to 7 z 9
Statystyki odpowiedzi
Debiut Państwo % Poprawnych
1985 San Marino
95%
1985 Luksemburg
93%
1985 Andora
90%
1985 Liechtenstein
89%
1985 Monako
86%
1985 Malta
78%
1985 Cypr
63%
2011 Czarnogóra
49%
1985 Islandia
41%
Nie znaleziono quizów pasujących do podanych kryteriów
Rozkład punktacji
Procent ludzi z każdym wynikiem
Percentyl według liczby udzielonych odpowiedzi
Twoja historia wyników
Nie rozwiązałeś tego quizu